000 00851nam a2200241Ia 4500
003 OSt
005 20220926021847.0
006 a|||||r|||| 00| 0
007 ta
008 220923b |||||||| |||| 00| 0 eng d
037 _cGeneral Book
040 _aRTL
_cRTL
_beng
041 _2eng
_aeng
082 _aVIN45,933:8.N76, L6,24.2 UN
110 _aUNITED NATIONS , GENERAL ASSEMBLY ,. OFFICIAL RECORDS : THIRTY FIRST SESSION
_9326649
245 0 _aReport of the united Nations council for Namibia
260 _aNew York
_bUnited Nations
_c1976
300 _av,143
_ccm.
500 _aSupp. no. 24 A/31/24; Appendix P 42-143p
700 _aUNITED NATIONS , GENERAL ASSEMBLY ,. OFFICIAL RECORDS : THIRTY FIRST SESSION
_9326650
942 _hVIN45,933:8.N76, L6,24.2 UN
_cGB
_2CC
999 _c637854
_d637854